000 00920nam a2200277 i 4500
001 8173
003 ES-MaACL
005 20250827062554.0
007 t|
008 920302s1991 sp ||||1| spa d
020 _a84-7398-916-3
080 _a347.91/95(46)(094.4)
110 1 _aEspaña
_93622
240 1 0 _aLey de enjuiciamiento civil, 1881
245 1 0 _aEnjuiciamiento civil /
_cedición preparada por José Antonio Pajares Giménez y Javier Medina Guijarro.
250 _a[14ª ed.].
260 _aMadrid :
_bCivitas,
_c1991.
300 _a1147 p. ;
_c16 cm.
490 1 _aBiblioteca de legislación ;
_v12
650 4 _aProcedimiento civil-
_zEspaña-
_vLegislación.
_916422
700 1 _aPajares Jiménez, José Antonio.
_988346
700 1 _aMedina Guijarro, Javier.
_979740
830 0 _aBiblioteca de legislación ;
_v12
_9177899
852 _aES-MaACL
_jL-15390
_bR.119845
999 _c8173
_d8173